Autos sacramentales / (Record no. 5408)
[ view plain ]
| 000 -CABECERA | |
|---|---|
| campo de control de longitud fija | 00885cam a2200253 a 4500 |
| 001 - NÚMERO DE CONTROL | |
| campo de control | 000005609 |
| 005 - FECHA Y HORA DE LA ÚLTIMA TRANSACCIÓN | |
| campo de control | 20200929151725.0 |
| 008 - DATOS DE LONGITUD FIJA--INFORMACIÓN GENERAL | |
| campo de control de longitud fija | 770617s1942 sp 000 d spasd |
| 040 ## - FUENTE DE LA CATALOGACIÓN | |
| Centro catalogador/agencia de origen | DO-SdBNP |
| Lengua de catalogación | spa |
| Centro/agencia transcriptor | BNPHU |
| 082 ## - NÚMERO DE LA CLASIFICACIÓN DECIMAL DEWEY | |
| Número de clasificación | 862.3 |
| Número de documento/Ítem | C146a, 1942 |
| 100 1# - ENTRADA PRINCIPAL--NOMBRE DE PERSONA | |
| Nombre de persona | Calderón de la Barca, Pedro, |
| Fechas asociadas al nombre | 1600-1681. |
| 9 (RLIN) | 5547 |
| 245 10 - MENCIÓN DE TÍTULO | |
| Título | Autos sacramentales / |
| Mención de responsabilidad, etc. | Calderón de la Barca ; prólogo Ángel Valbuena Prat. |
| 250 ## - MENCIÓN DE EDICIÓN | |
| Mención de edición | 2a ed. corr. |
| 260 ## - PUBLICACIÓN, DISTRIBUCIÓN, ETC. | |
| Lugar de publicación, distribución, etc. | Madrid, España : |
| Nombre del editor, distribuidor, etc. | Espasa-Calpe, |
| Fecha de publicación, distribución, etc. | 1942. |
| 300 ## - DESCRIPCIÓN FÍSICA | |
| Extensión | 2 v. ; |
| Dimensiones | 20 cm. |
| 490 1# - MENCIÓN DE SERIE | |
| Mención de serie | Clásicos castellanos |
| Designación de volumen o secuencia | 74 |
| 500 ## - NOTA GENERAL | |
| Nota general | La biblioteca posee el volumen 2 |
| 500 ## - NOTA GENERAL | |
| Nota general | Incluye notas al pie de las páginas |
| 650 #4 - PUNTO DE ACCESO ADICIONAL DE MATERIA--TÉRMINO DE MATERIA | |
| Término de materia o nombre geográfico como elemento de entrada | Teatro español |
| 9 (RLIN) | 3071 |
| 650 #4 - PUNTO DE ACCESO ADICIONAL DE MATERIA--TÉRMINO DE MATERIA | |
| Término de materia o nombre geográfico como elemento de entrada | Literatura española |
| 9 (RLIN) | 632 |
| 650 #4 - PUNTO DE ACCESO ADICIONAL DE MATERIA--TÉRMINO DE MATERIA | |
| Término de materia o nombre geográfico como elemento de entrada | Drama religioso español |
| 9 (RLIN) | 15837 |
| 700 1# - PUNTO DE ACCESO ADICIONAL--NOMBRE DE PERSONA | |
| Nombre de persona | Valbuena Prat, Ángel, |
| Fechas asociadas al nombre | 1900-, |
| Término indicativo de función/relación | ed. |
| 9 (RLIN) | 15838 |
| 830 #0 - PUNTO DE ACCESO ADICIONAL DE SERIE-TÍTULO UNIFORME | |
| Título uniforme | Clásicos castellanos ; |
| Número de parte o sección de la obra | 74 |
| 9 (RLIN) | 15839 |
| Estado de retiro | Estado de pérdida | Restricciones de uso | No para préstamo | Código de colección | Localización permanente | Ubicación/localización actual | Ubicación en estantería | Fecha de adquisición | Número de inventario | Total de préstamos | Signatura topográfica completa | Código de barras | Fecha visto por última vez | Precio válido a partir de | Tipo de ítem Koha |
|---|---|---|---|---|---|---|---|---|---|---|---|---|---|---|---|
| Monografías: Libros y Folletos | General | General | Depósito | 20.08.2009 | LF1 | 862.3 C146a, 1942 | v. 2 | 5609-10 | 25.06.2020 | 25.06.2020 | Préstamo en sala |
